|
|
|
|
| LEADER |
00000nam0a2200000 4500 |
| 001 |
2273 |
| 005 |
20231030173758.0 |
| 010 |
|
|
|a 5020311634
|
| 035 |
|
|
|a (RuTPU)RU\TPU\book\2282
|
| 035 |
|
|
|a BOOK00002286
|
| 090 |
|
|
|a 2273
|
| 100 |
|
|
|a 20011209d1996 k y0rusy50 ca
|
| 101 |
0 |
|
|a rus
|
| 102 |
|
|
|a RU
|
| 105 |
|
|
|a y z 000zy
|
| 200 |
1 |
|
|a Моделирование и анализ производственных ситуаций
|e с примерами приложений в горном деле
|f А. С. Кузнецов
|g Сибирское отделение РАН; Институт горного дела; Отв. ред. М. В. Курленя
|
| 210 |
|
|
|a Новосибирск
|c Наука
|d 1996
|
| 215 |
|
|
|a 132 с.
|
| 610 |
1 |
|
|a горное дело
|
| 610 |
1 |
|
|a промышленное производство
|
| 610 |
1 |
|
|a горнодобывающее производство
|
| 610 |
1 |
|
|a ситуации производственные
|
| 610 |
1 |
|
|a моделирование
|
| 610 |
1 |
|
|a анализы
|
| 610 |
1 |
|
|a рабочее место
|
| 610 |
1 |
|
|a автоматизация
|
| 675 |
|
|
|a 622.012:658.5
|v 3
|
| 700 |
|
1 |
|a Кузнецов
|b А. С.
|g Александр Сергеевич
|
| 702 |
|
1 |
|a Курленя
|b М. В.
|4 340
|
| 712 |
0 |
2 |
|a Российская академия наук
|b Сибирское отделение
|b Институт горного дела (ИГД СО РАН)
|c (Новосибирск)
|2 stltpush
|3 (RuTPU)RU\TPU\col\2521
|
| 801 |
|
0 |
|a RU
|b 63413507
|c 20011209
|g PSBO
|
| 801 |
|
2 |
|a RU
|b 63413507
|c 20071008
|g PSBO
|
| 942 |
|
|
|c BK
|